000 01896nas a2200277Ia 4500
001 R050-S1771
003 IT-CnALBA
008 170116c99999999xx |||||||||||| ||und||
040 _aIT-CnALBA
_cIT-CnALBA
041 _aITALIANO
100 _aVANHOYE ALBERT, SJ.
210 _aLA CIVILTÀ CATTOLICA
222 _aLA CIVILTÀ CATTOLICA
245 0 _aLA CIVILTÀ CATTOLICA. ANNO CXXXVI. VOL. II. 1985.
_bRIVISTA CULTURALE
250 _a1a ed.
260 _a ROMA
_bLA CIVILTÀ CATTOLICA EDIZIONI
_c1985 [1° Ed.:1985 - Ed.Ling.Originale: 1985]
300 _a624 p.
310 _aQUINDICINALE
362 _aFascicolo: 3235-3240 / Anno: 136 (1985)
500 _aPROBLEMI E PROSPETTIVE DIALOGO CRISTIANI ED EBREI. CRISTIANESIMO E RELIGIONI NON CRISTIANE. GAUDIUM ET SPES E MONDO MODERNO. I GIOVANI, PROBLEMA DELLA SOCIETÀ E CHIESA. CONFERENZE EPISCOPALI E CORRESPONSABILITÀ VESCOVI. LA REINCARNAZIONE. CRONACA CONTEMPORANEA. VITA CHIESA ITALIA. ESTERO. TEOLOGIA LIBERAZIONE. LEGGE CARISMI E NORME DI DIRITTO SECONDO S. PAOLO. SORGE B. CHIESA ITALIANA A LORETO. SALVINI G. P. TORTURA, PROBLEMA ATTUALE. ERICH FROMM, UMANISTA E CRISTIANO ANONIMO? PROBLEMI PASTORALI ROMA.
501 _aSocietà San Paolo EM - Piazza San Paolo, 14 - 12051 ALBA (CN) (non commercial uses only) ® Copyright 2017
520 _aPROBLEMI E PROSPETTIVE DIALOGO CRISTIANI ED EBREI. CRISTIANESIMO E RELIGIONI NON CRISTIANE. GAUDIUM ET SPES E MONDO MODERNO. I GIOVANI, PROBLEMA DELLA SOCIETÀ E CHIESA. CONFERENZE EPISCOPALI E CORRESPONSABILITÀ VESCOVI. LA REINCARNAZIONE. CRONACA CONTEMPORANEA. VITA CHIESA ITALIA. ESTERO. TEOLOGIA LIBERAZIONE. LEGGE CARISMI E NORME DI DIRITTO SECONDO S. PAOLO. SORGE B. CHIESA ITALIANA A LORETO. SALVINI G. P. TORTURA, PROBLEMA ATTUALE. ERICH FROMM, UMANISTA E CRISTIANO ANONIMO? PROBLEMI PASTORALI ROMA.
650 _aRIVISTA CULTURALE
942 _cCR
957 _71
999 _a63670
_bNO
_g1
_c330370
_d330370